[Event "British Columbia op Online"]
[Site "chess.com"]
[Date "2021.02.20"]
[Round "1.4"]
[White "Ingram, Richard"]
[Black "Soliven, Joe"]
[Result "1/2-1/2"]
[WhiteElo "1489"]
[BlackElo "1849"]
[PlyCount "86"]
[EventDate "2021.02.20"]
[EventType "swiss (rapid)"]
[EventRounds "6"]
[EventCountry "CAN"]

1. e4 c6 2. d4 d5 3. Nd2 dxe4 4. Nxe4 Bf5 5. Ng3 Bg6 6. h4 h5 7. Nf3 Nd7 8. Bd3
Bxd3 9. Qxd3 e6 10. Bg5 Qb6 11. O-O Ngf6 12. a4 Bd6 13. a5 Qc7 14. Ne4 Ng4 15.
Nxd6+ Qxd6 16. Rfe1 O-O 17. g3 b5 18. axb6 axb6 19. Bf4 Qb4 20. b3 b5 21. Bd2
Qd6 22. Bc3 Nb6 23. Bb2 b4 24. Ra6 Rxa6 25. Qxa6 Nd5 26. Ra1 Nde3 27. Qe2 Nd5
28. Qd3 f5 29. Ne5 Nxe5 30. dxe5 Qe7 31. Qf3 Qf7 32. Bd4 f4 33. g4 Qg6 34. g5
Qf7 35. Bc5 Rd8 36. Ra6 Qf5 37. Rxc6 g6 38. Bd6 Ra8 39. Kg2 Ra2 40. Qh3 Qe4+
41. Qf3 Qf5 42. Qh3 Qe4+ 43. Qf3 Qf5 1/2-1/2

[Event "British Columbia op Online"]
[Site "chess.com"]
[Date "2021.02.20"]
[Round "1.5"]
[White "Kagaoan, Jose"]
[Black "Gao, Justin"]
[Result "1-0"]
[WhiteElo "1823"]
[BlackElo "1486"]
[PlyCount "85"]
[EventDate "2021.02.20"]
[EventType "swiss (rapid)"]
[EventRounds "6"]
[EventCountry "CAN"]

1. e4 e5 2. Nf3 Nc6 3. d4 exd4 4. Bc4 d6 5. c3 Be6 6. Bxe6 fxe6 7. cxd4 Nf6 8.
Nc3 h6 9. Qb3 Qc8 10. O-O Be7 11. d5 Nd8 12. e5 dxe5 13. Nxe5 O-O 14. Ng6 Re8
15. Re1 Kf7 16. Ne5+ Kg8 17. Qc2 exd5 18. Qg6 Kf8 19. Bxh6 gxh6 20. Qxh6+ Kg8
21. Re3 Ng4 22. Qg6+ Kf8 23. Rf3+ Nf6 24. Qh6+ Kg8 25. Rg3+ Ng4 26. Nxg4 Bg5
27. Qxg5+ Kf8 28. Qh6+ Ke7 29. Qf6+ Kd7 30. Ne5+ Rxe5 31. Rg7+ Ke8 32. Qxe5+
Qe6 33. Qh5+ Nf7 34. Rg8+ Ke7 35. Rxa8 d4 36. Qh4+ Kd7 37. Qxd4+ Ke7 38. Nd5+
Kd7 39. Nf6+ Kc6 40. Rc1+ Kb5 41. Rc5+ Ka6 42. Qa4+ Kb6 43. Qb5# 1-0

[Event "British Columbia op Online"]
[Site "chess.com"]
[Date "2021.02.20"]
[Round "1.6"]
[White "Monkhouse, Neale"]
[Black "Kosinski, George"]
[Result "1-0"]
[WhiteElo "1483"]
[BlackElo "1820"]
[PlyCount "83"]
[EventDate "2021.02.20"]
[EventType "swiss (rapid)"]
[EventRounds "6"]
[EventCountry "CAN"]

1. e4 d6 2. g3 g6 3. Bg2 Bg7 4. Nc3 c5 5. Nge2 Nc6 6. d3 e6 7. O-O Nge7 8. f4
O-O 9. Be3 Nd4 10. Qd2 Nec6 11. Nd1 Rb8 12. Nc1 Nb5 13. c3 Nc7 14. Ne2 Bd7 15.
d4 cxd4 16. Nxd4 d5 17. Nxc6 Bxc6 18. Bxa7 dxe4 19. Qc2 Ra8 20. Bc5 f5 21. Bxf8
Qxf8 22. Qf2 Bb5 23. Re1 Qd6 24. Bf1 Bxf1 25. Kxf1 e5 26. fxe5 Bxe5 27. Ne3 Qe6
28. Qe2 b5 29. a3 g5 30. Qh5 h6 31. h4 f4 32. gxf4 gxf4 33. Qg4+ Bg7 34. Qxe6+
Nxe6 35. Nf5 e3 36. Ke2 Bf6 37. Rad1 Ng7 38. Nxh6+ Kh7 39. Ng4 Bxh4 40. Rh1 Nf5
41. Kf3 Re8 42. Nf6+ 1-0

[Event "British Columbia op Online"]
[Site "chess.com"]
[Date "2021.02.20"]
[Round "1.7"]
[White "Wu, Jonathan"]
[Black "Gray, Scott"]
[Result "1-0"]
[WhiteElo "1819"]
[BlackElo "1476"]
[PlyCount "197"]
[EventDate "2021.02.20"]
[EventType "swiss (rapid)"]
[EventRounds "6"]
[EventCountry "CAN"]

1. e4 c5 2. Nc3 a6 3. a4 Nc6 4. g3 d6 5. Bg2 g6 6. f4 Bg7 7. Nf3 e6 8. d3 Nge7
9. O-O O-O 10. g4 d5 11. e5 b6 12. Ne2 Bb7 13. Ng3 Qd7 14. h4 f6 15. exf6 Bxf6
16. h5 Bd4+ 17. Nxd4 Nxd4 18. c3 Ndc6 19. Bh3 gxh5 20. Nxh5 Kh8 21. g5 Nf5 22.
Kh2 Qd6 23. Nf6 Qc7 24. Re1 Rxf6 25. gxf6 Qf7 26. Qe2 Qg6 27. Qg4 Qxf6 28. Qg5
Qxg5 29. fxg5 Ng7 30. Bxe6 Re8 31. Bf4 Rxe6 32. Bc7 b5 33. axb5 axb5 34. Bb6
Ne5 35. Rf1 h6 36. Bxc5 Nxd3 37. Bd4 Re2+ 38. Kg1 Ne5 39. gxh6 Ne6 40. Bxe5+
Rxe5 41. Rae1 Rg5+ 42. Kh2 Rh5+ 43. Kg3 Rxh6 44. Rf7 Bc6 45. Re7 Ng7 46. Rc7 d4
47. cxd4 Bd5 48. Rc5 Bc4 49. Rg5 Kh7 50. Re7 Rg6 51. Kh4 Kh6 52. Rxg6+ Kxg6 53.
Kg4 Kf6 54. Re5 Ne6 55. Rf5+ Ke7 56. Re5 Kd6 57. Kf5 Nxd4+ 58. Ke4 Nc6 59. Rg5
Nb4 60. Kd4 Nc6+ 61. Kc3 Ne7 62. b3 Bf1 63. Rg1 Nd5+ 64. Kd4 Bh3 65. Rg5 Nc7
66. Rh5 Bf1 67. Rh6+ Ne6+ 68. Kc3 Be2 69. Kb4 Kd7 70. Kc3 Nc7 71. Kd4 Ne6+ 72.
Ke5 Nc7 73. Rd6+ Kc8 74. Rc6 Kd7 75. Rh6 Bf1 76. Rh7+ Kc6 77. Rf7 Be2 78. Rf6+
Kd7 79. Rb6 Ke7 80. Rh6 Kd7 81. Rd6+ Kc8 82. Rd2 Bf1 83. Kd6 Kb8 84. Rf2 Bh3
85. Rf8+ Bc8 86. Rf7 Ne8+ 87. Kc5 Bh3 88. Re7 Nc7 89. Kd6 Na6 90. Kc6 Bf1 91.
Kb6 Kc8 92. Kxa6 Kd8 93. Re1 Bh3 94. Kxb5 Bd7+ 95. Kc5 Kc7 96. Re7 Kd8 97.
Rxd7+ Kxd7 98. Kb6 Kc8 99. Ka7 1-0

[Event "British Columbia op Online"]
[Site "chess.com"]
[Date "2021.02.20"]
[Round "1.8"]
[White "Rosales, Diego"]
[Black "Cox, Charles"]
[Result "1-0"]
[WhiteElo "1456"]
[BlackElo "1800"]
[PlyCount "77"]
[EventDate "2021.02.20"]
[EventType "swiss (rapid)"]
[EventRounds "6"]
[EventCountry "CAN"]

1. e4 e6 2. Nf3 h6 3. d3 c5 4. Nbd2 Nc6 5. g3 d6 6. Bg2 b5 7. O-O Be7 8. Re1
Bb7 9. Nf1 Qc7 10. h4 Nf6 11. Ne3 O-O-O 12. a4 b4 13. c3 a5 14. Bd2 Kd7 15. Rc1
d5 16. exd5 exd5 17. Bh3+ Ke8 18. Nf5 Kf8 19. Bf4 Bd6 20. Nxd6 Rxd6 21. Bxd6+
Qxd6 22. Qe2 g6 23. Ne5 Nxe5 24. Qxe5 Qd8 25. cxb4 axb4 26. Rxc5 Kg7 27. Qc7
Ba6 28. Re7 Rf8 29. Rxf7+ Kg8 30. Qxd8 Rxd8 31. Rxf6 Bxd3 32. Be6+ Kg7 33. Rf7+
Kh8 34. Rcc7 g5 35. Rcd7 Re8 36. Bxd5 Re1+ 37. Kg2 Bf1+ 38. Kh2 Re8 39. Rh7#
1-0

[Event "British Columbia op Online"]
[Site "chess.com"]
[Date "2021.02.20"]
[Round "1.9"]
[White "Pitre, Hanniegn"]
[Black "Escandor, Manuel Omana"]
[Result "0-1"]
[WhiteElo "1778"]
[BlackElo "1446"]
[PlyCount "52"]
[EventDate "2021.02.20"]
[EventType "swiss (rapid)"]
[EventRounds "6"]
[EventCountry "CAN"]

1. e4 e5 2. f4 exf4 3. Nf3 h6 4. d4 g5 5. h4 Bg7 6. Bc4 d6 7. Nc3 Bg4 8. Qd3
Nc6 9. Ne2 a6 10. Bd2 Qf6 11. O-O-O Bxf3 12. gxf3 Nxd4 13. Bc3 Nxe2+ 14. Qxe2
Qg6 15. h5 Qh7 16. Bxf7+ Kxf7 17. e5 Qf5 18. Qc4+ Kf8 19. Qxc7 Bxe5 20. Rhe1
Rh7 21. Rxe5 dxe5 22. Bb4+ Ke8 23. Qd6 Rd7 24. Qg6+ Qxg6 25. hxg6 Rxd1+ 26.
Kxd1 Ne7 0-1

[Event "British Columbia op Online"]
[Site "chess.com"]
[Date "2021.02.20"]
[Round "1.10"]
[White "Yang, Henry"]
[Black "Parpatt, Mark"]
[Result "1/2-1/2"]
[WhiteElo "1444"]
[BlackElo "1730"]
[PlyCount "111"]
[EventDate "2021.02.20"]
[EventType "swiss (rapid)"]
[EventRounds "6"]
[EventCountry "CAN"]

1. d4 Nf6 2. c4 g6 3. f3 d5 4. cxd5 Nxd5 5. e4 Nb6 6. Nc3 Bg7 7. Be3 O-O 8. Qd2
Re8 9. g4 e5 10. O-O-O exd4 11. Bxd4 Bxd4 12. Qxd4 Qxd4 13. Rxd4 Nc6 14. Rd1 a6
15. Be2 Be6 16. h4 h6 17. Nh3 Rad8 18. Nf4 Bc4 19. b3 Bxe2 20. Nfxe2 Ne5 21.
Rhf1 Rxd1+ 22. Nxd1 Rd8 23. Ne3 Rd3 24. Nc2 Rxf3 25. Rxf3 Nxf3 26. h5 gxh5 27.
gxh5 Nd7 28. Nf4 Nf6 29. Ne3 Nxe4 30. Nf5 Kh7 31. Kc2 Nd6 32. Nxd6 cxd6 33. Kd3
Kg7 34. Ke4 Ne1 35. Kd5 Kf6 36. Kxd6 Kf5 37. Ne2 Kg5 38. Kc7 Kxh5 39. Kxb7 Kg4
40. Kxa6 Nd3 41. Ka5 h5 42. b4 h4 43. Ng1 Kg3 44. b5 Kg2 45. b6 Nc5 46. Kb5 Nd7
47. Ne2 f5 48. b7 h3 49. Nf4+ Kg3 50. Nxh3 Kxh3 51. Kc6 Nb8+ 52. Kc7 Na6+ 53.
Kb6 Nb8 54. Kc7 Na6+ 55. Kb6 Nb8 56. Kc7 1/2-1/2

[Event "British Columbia op Online"]
[Site "chess.com"]
[Date "2021.02.20"]
[Round "2.1"]
[White "Zhang, Joyce"]
[Black "Huang, Patrick"]
[Result "0-1"]
[WhiteElo "1538"]
[BlackElo "2160"]
[PlyCount "72"]
[EventDate "2021.02.20"]
[EventType "swiss (rapid)"]
[EventRounds "6"]
[EventCountry "CAN"]

1. e4 g6 2. d4 Bg7 3. Nf3 d6 4. Bd3 Nf6 5. O-O O-O 6. Re1 Bg4 7. Nbd2 Nc6 8. c3
e5 9. d5 Ne7 10. Nf1 h6 11. h3 Bd7 12. Be3 Nh5 13. Qd2 g5 14. h4 g4 15. N3h2
Kh7 16. Qe2 Qc8 17. c4 Ng6 18. g3 Rg8 19. Nd2 Kh8 20. c5 Ngf4 21. Qf1 f5 22.
Nc4 Nh3+ 23. Kh1 f4 24. gxf4 exf4 25. Be2 fxe3 26. Nxe3 Rf8 27. Nhxg4 Nxf2+ 28.
Qxf2 Rxf2 29. Nxf2 Ng3+ 30. Kg2 Nxe2 31. Rxe2 Bd4 32. cxd6 cxd6 33. Rd1 Qg8+
34. Kh2 Be5+ 35. Kh1 Qg3 36. Nd3 Qf3+ 0-1

[Event "British Columbia op Online"]
[Site "chess.com"]
[Date "2021.02.20"]
[Round "2.2"]
[White "King, Harvey"]
[Black "Jaspal, Harleen Singh"]
[Result "0-1"]
[WhiteElo "2133"]
[BlackElo "1512"]
[PlyCount "82"]
[EventDate "2021.02.20"]
[EventType "swiss (rapid)"]
[EventRounds "6"]
[EventCountry "CAN"]

1. e4 e5 2. Nf3 Nc6 3. Bb5 Bc5 4. c3 Qf6 5. O-O Nge7 6. d3 O-O 7. Bg5 Qg6 8.
Nbd2 d6 9. Nb3 Bb6 10. Qe2 f5 11. Be3 fxe4 12. dxe4 Qxe4 13. Bd3 Qg4 14. h3 Qh5
15. Bxb6 axb6 16. Nbd2 Ng6 17. Bc4+ Kh8 18. Qe3 Nf4 19. Nh2 d5 20. Bd3 e4 21.
Bc2 Qg5 22. g4 Qh4 23. Bd1 Nxh3+ 24. Kh1 Rxf2 25. Be2 Bd7 26. Rxf2 Qxf2 27.
Qxf2 Nxf2+ 28. Kg2 Nd3 29. b3 Nce5 30. Ndf1 Nf4+ 31. Kf2 Nxe2 32. Kxe2 Nxg4 33.
Nxg4 Bxg4+ 34. Ke3 c5 35. Nd2 Bf5 36. a4 g6 37. Kf4 Kg7 38. Ke5 Rd8 39. Nf1 d4
40. cxd4 cxd4 41. Ng3 d3 0-1

[Event "British Columbia op Online"]
[Site "chess.com"]
[Date "2021.02.20"]
[Round "2.3"]
[White "Pangilinan, Emmanuel"]
[Black "Kagaoan, Jose"]
[Result "1-0"]
[WhiteElo "1509"]
[BlackElo "1823"]
[PlyCount "123"]
[EventDate "2021.02.20"]
[EventType "swiss (rapid)"]
[EventRounds "6"]
[EventCountry "CAN"]

1. e4 g6 2. f4 Nf6 3. Nc3 d5 4. e5 Ne4 5. d3 Nxc3 6. bxc3 c5 7. d4 Nc6 8. Bb5
cxd4 9. Bxc6+ bxc6 10. cxd4 Ba6 11. c3 e6 12. Nf3 Qa5 13. Qc2 Rc8 14. Nd2 c5
15. Nb3 Qa4 16. Qf2 c4 17. Nd2 Qc2 18. Qe3 Qd3 19. Kf2 Be7 20. Re1 Qf5 21. Nf3
h6 22. Kg1 Kd7 23. h3 g5 24. g4 Qh7 25. f5 h5 26. f6 Bf8 27. Nxg5 Qg6 28. Nxf7
Qxf7 29. g5 h4 30. Qe2 Bb5 31. a4 Bc6 32. Qc2 Rg8 33. Kh2 Qh5 34. Rf1 Kc7 35.
Rb1 Qg6 36. Qxg6 Rxg6 37. a5 Ba4 38. a6 Bb3 39. Rg1 Bc2 40. Rb7+ Kc6 41. Rg4
Rc7 42. Rb2 Rh7 43. Rxc2 Kb6 44. Ra2 Kc6 45. Rgg2 Rc7 46. Bd2 Rh7 47. Be1 Kb6
48. Rgb2+ Kc6 49. Bd2 Rf7 50. Rb8 Rg8 51. Rab2 Rh7 52. Rc8+ Kd7 53. Ra8 Kc6 54.
Rc8+ Kd7 55. Rbb8 Bd6 56. Rxg8 Bxb8 57. Rxb8 Kc6 58. g6 Rh5 59. g7 Rf5 60. Kg2
Kd7 61. g8=Q Kc7 62. Qc8# 1-0

[Event "British Columbia op Online"]
[Site "chess.com"]
[Date "2021.02.20"]
[Round "2.4"]
[White "Leong, Aiden"]
[Black "Wu, Jonathan"]
[Result "0-1"]
[WhiteElo "1503"]
[BlackElo "1819"]
[PlyCount "118"]
[EventDate "2021.02.20"]
[EventType "swiss (rapid)"]
[EventRounds "6"]
[EventCountry "CAN"]

1. c4 c6 2. Nc3 d5 3. cxd5 cxd5 4. d4 Nf6 5. g3 g6 6. Bg2 Nc6 7. Nf3 Bg7 8. O-O
O-O 9. Bf4 Bf5 10. Re1 Rc8 11. a3 Na5 12. Rc1 Nc4 13. Qb3 Qb6 14. Qxb6 Nxb6 15.
Nh4 Be6 16. e4 dxe4 17. Nxe4 Nxe4 18. Rxc8 Rxc8 19. Bxe4 Bxd4 20. Bxb7 Rc2 21.
Be3 Bxe3 22. Rxe3 Rxb2 23. Rc3 Na4 24. Rc7 Rb1+ 25. Kg2 Rxb7 26. Rxb7 Bd5+ 27.
f3 Bxb7 28. Kf2 f6 29. Ng2 Kf7 30. Nf4 Nc5 31. Ne2 e5 32. Nc3 Bc6 33. Ke3 Ke6
34. f4 exf4+ 35. gxf4 Na4 36. Ne2 Nb2 37. Nd4+ Kd6 38. f5 g5 39. Ne6 Nc4+ 40.
Kf2 Nxa3 41. Kg3 Bd7 42. Nd4 Nb5 43. Nf3 Bxf5 44. h4 g4 45. Nh2 a5 46. h5 a4
47. h6 a3 48. Kh4 a2 49. Kh5 a1=Q 50. Nf3 Qh1+ 51. Nh4 Qxh4+ 52. Kxh4 Ke5 53.
Kh5 Kf4 54. Kh4 g3 55. Kh5 Bg4+ 56. Kh4 Bc8 57. Kh5 g2 58. Kh4 g1=Q 59. Kh5
Qg5# 0-1

[Event "British Columbia op Online"]
[Site "chess.com"]
[Date "2021.02.20"]
[Round "2.5"]
[White "Monkhouse, Neale"]
[Black "Haines, Duncan"]
[Result "0-1"]
[WhiteElo "1483"]
[BlackElo "1724"]
[PlyCount "40"]
[EventDate "2021.02.20"]
[EventType "swiss (rapid)"]
[EventRounds "6"]
[EventCountry "CAN"]

1. e4 e6 2. d4 d5 3. Nc3 dxe4 4. Nxe4 Nd7 5. Nf3 Ngf6 6. Bd3 Nxe4 7. Bxe4 Nf6
8. Bd3 c5 9. c3 cxd4 10. Nxd4 Be7 11. O-O O-O 12. Nf3 b6 13. Qe2 Bb7 14. Bg5
Nd5 15. Bxe7 Qxe7 16. Be4 Rfd8 17. Rad1 Qc5 18. Qc2 f5 19. Bd3 Nf4 20. Be2 Be4
0-1

[Event "British Columbia op Online"]
[Site "chess.com"]
[Date "2021.02.20"]
[Round "2.6"]
[White "Imoo, Joshua"]
[Black "Rosales, Diego"]
[Result "1-0"]
[WhiteElo "1712"]
[BlackElo "1456"]
[PlyCount "73"]
[EventDate "2021.02.20"]
[EventType "swiss (rapid)"]
[EventRounds "6"]
[EventCountry "CAN"]

1. e4 c5 2. Nc3 d6 3. f4 Nf6 4. Nf3 e6 5. Bb5+ Bd7 6. Bxd7+ Nbxd7 7. d3 Be7 8.
O-O O-O 9. Qe1 a6 10. Qg3 Re8 11. f5 Nf8 12. Bh6 Nh5 13. Qg4 g6 14. Ng5 Nf6 15.
Qh3 Nh5 16. fxg6 fxg6 17. Nxe6 Qd7 18. Nd5 Qxe6 19. Nc7 Qxh3 20. gxh3 Bf6 21.
Nxa8 Rxa8 22. c3 Ne6 23. Rf3 Be5 24. Raf1 Rc8 25. Rf7 b5 26. h4 Bg7 27. Bxg7
Nhxg7 28. Ra7 b4 29. Rxa6 bxc3 30. bxc3 Rd8 31. Rb6 Nh5 32. a4 Nhf4 33. Kh1
Nxd3 34. a5 Nef4 35. a6 Kf8 36. a7 Ra8 37. Rb8+ 1-0

[Event "British Columbia op Online"]
[Site "chess.com"]
[Date "2021.02.20"]
[Round "2.7"]
[White "Guo, Veronica (Yu Han)"]
[Black "Qin, Kaiqi"]
[Result "1/2-1/2"]
[WhiteElo "1701"]
[BlackElo "1388"]
[PlyCount "115"]
[EventDate "2021.02.20"]
[EventType "swiss (rapid)"]
[EventRounds "6"]
[EventCountry "CAN"]

1. d4 d5 2. Bf4 e6 3. Nf3 Nf6 4. e3 c5 5. c3 Nc6 6. Nbd2 Bd7 7. Bd3 Qb6 8. Rb1
Be7 9. Ne5 Nxe5 10. Bxe5 O-O 11. Qf3 Bc6 12. Qh3 h6 13. Nf3 Nd7 14. Bf4 f5 15.
Rg1 Nf6 16. Ne5 cxd4 17. exd4 Bd6 18. Be3 Qc7 19. Ng6 Rf7 20. g3 Kh7 21. Nf4
Bd7 22. Nh5 Nxh5 23. Qxh5 Raf8 24. g4 Bxh2 25. Rg2 Bf4 26. g5 Kh8 27. gxh6 gxh6
28. Rg6 Rh7 29. Qh4 Bxe3 30. fxe3 Qd8 31. Qh2 Rf6 32. Qe5 Rhf7 33. Rxh6+ Kg8
34. Rh2 Rg7 35. Kd2 Rfg6 36. Rbh1 Rg2+ 37. Ke1 Qg5 38. Bf1 Rg3 39. Rh3 Rxh3 40.
Rxh3 Kf7 41. Qc7 Ke8 42. Rh8+ Rg8 43. Qb8+ Kf7 44. Qxg8+ Qxg8 45. Rxg8 Kxg8 46.
Kf2 Kf7 47. Kg3 Kf6 48. Kf4 a5 49. a3 Ba4 50. c4 dxc4 51. Bxc4 b5 52. Bd3 b4
53. Ba6 Bc2 54. Kf3 e5 55. d5 Be4+ 56. Ke2 Bxd5 57. Kd3 bxa3 58. bxa3 1/2-1/2

[Event "British Columbia op Online"]
[Site "chess.com"]
[Date "2021.02.20"]
[Round "2.8"]
[White "Escandor, Manuel Omana"]
[Black "He, Matthew"]
[Result "0-1"]
[WhiteElo "1446"]
[BlackElo "1672"]
[PlyCount "86"]
[EventDate "2021.02.20"]
[EventType "swiss (rapid)"]
[EventRounds "6"]
[EventCountry "CAN"]

1. e4 c6 2. b3 d5 3. Nc3 dxe4 4. Nxe4 Bf5 5. Ng3 Bg6 6. Bb2 e6 7. Nf3 Nd7 8.
Be2 Ngf6 9. O-O Qa5 10. d4 Ba3 11. Bxa3 Qxa3 12. Bd3 Bxd3 13. Qxd3 O-O 14. Ne4
Rfd8 15. Nxf6+ Nxf6 16. h3 Rd6 17. c3 a5 18. Nd2 b5 19. Qc2 Rd7 20. Rfe1 Rad8
21. Re5 Rd5 22. Rae1 Qd6 23. Ne4 Nxe4 24. R1xe4 b4 25. Rxd5 cxd5 26. Rh4 f5 27.
cxb4 axb4 28. Qc5 Qxc5 29. dxc5 d4 30. Kf1 e5 31. Ke2 Rc8 32. f3 g6 33. f4 e4
34. g4 Kg7 35. gxf5 gxf5 36. Rh5 Rxc5 37. Rg5+ Kf7 38. Kd2 Ra5 39. Kc1 h6 40.
Rg2 d3 41. Rb2 e3 42. Kd1 Ra6 43. h4 Rg6 0-1

[Event "British Columbia op Online"]
[Site "chess.com"]
[Date "2021.02.20"]
[Round "2.9"]
[White "Gelinas, Justin"]
[Black "Hanrahan, Nigel"]
[Result "1/2-1/2"]
[WhiteElo "1419"]
[BlackElo "1606"]
[PlyCount "42"]
[EventDate "2021.02.20"]
[EventType "swiss (rapid)"]
[EventRounds "6"]
[EventCountry "CAN"]

1. c4 c5 2. g3 Nf6 3. Bg2 d5 4. cxd5 Nxd5 5. Nf3 Nc6 6. O-O e5 7. Nc3 Be6 8.
Qa4 Nb6 9. Qe4 f6 10. Qh4 Qd7 11. d3 O-O-O 12. a4 a5 13. Nb5 Kb8 14. Bd2 h5 15.
Rfc1 Bg4 16. d4 Bxf3 17. Bxf3 g5 18. Bxc6 bxc6 19. Qe4 exd4 20. Bxa5 Re8 21.
Qf3 Nd5 1/2-1/2

[Event "British Columbia op Online"]
[Site "chess.com"]
[Date "2021.02.20"]
[Round "2.10"]
[White "Jose, Marionito"]
[Black "Waite, Taylor"]
[Result "1/2-1/2"]
[WhiteElo "1582"]
[BlackElo "1357"]
[PlyCount "59"]
[EventDate "2021.02.20"]
[EventType "swiss (rapid)"]
[EventRounds "6"]
[EventCountry "CAN"]

1. e4 c6 2. d4 d5 3. Nd2 dxe4 4. Nxe4 Nf6 5. Nxf6+ exf6 6. c3 Na6 7. Nf3 Nc7 8.
Bd3 Bd6 9. O-O O-O 10. Qc2 g6 11. Bh6 Re8 12. Nh4 Be6 13. Nxg6 hxg6 14. Bxg6 f5
15. Bxf5 Qh4 16. f4 Qxh6 17. Rf3 Bxf5 18. Qxf5 Re6 19. Rh3 Qg7 20. Rf1 Rg6 21.
g3 Re8 22. Qd7 Re2 23. f5 Rh6 24. f6 Qh7 25. Rxh6 Qe4 26. Qh3 Qe3+ 27. Kh1 Qe4+
28. Kg1 Qe3+ 29. Kh1 Qe4+ 30. Kg1 1/2-1/2

[Event "British Columbia op Online"]
[Site "chess.com"]
[Date "2021.02.20"]
[Round "3.1"]
[White "Huang, Patrick"]
[Black "Imoo, Joshua"]
[Result "1/2-1/2"]
[WhiteElo "2160"]
[BlackElo "1712"]
[PlyCount "163"]
[EventDate "2021.02.20"]
[EventType "swiss (rapid)"]
[EventRounds "6"]
[EventCountry "CAN"]

1. d4 d5 2. Bf4 Nf6 3. e3 c5 4. c3 Qb6 5. Qc2 g6 6. Nd2 Bf5 7. dxc5 Qxc5 8. Qb3
Qb6 9. Ngf3 Nc6 10. Bb5 Bg7 11. Ne5 Rc8 12. c4 e6 13. Qa3 Bf8 14. Qb3 Bg7 15.
Rc1 O-O 16. Bxc6 bxc6 17. O-O c5 18. Rfd1 Rfd8 19. h3 h5 20. Ndf3 dxc4 21. Qxb6
axb6 22. Rxd8+ Rxd8 23. Nxc4 Nd5 24. Be5 f6 25. Bg3 Bd3 26. Nxb6 Nxb6 27. Bc7
Ra8 28. Bxb6 Rxa2 29. Bxc5 Rxb2 30. Bd4 Rb8 31. Rc7 e5 32. Bc3 Be4 33. Nd2 Bd5
34. Rd7 Be6 35. Re7 Bf7 36. Ne4 Bd5 37. Nd2 Bf7 38. Rc7 Be6 39. Kh2 Rc8 40.
Rxc8+ Bxc8 41. Ne4 Ba6 42. Kg3 Bd3 43. Nc5 Bc4 44. Kf3 Bd5+ 45. Kg3 Bf8 46. Nd7
Be7 47. f4 exf4+ 48. exf4 Kf7 49. Bd4 Bc6 50. Nb6 Bb4 51. Nc4 Be1+ 52. Bf2 Bb4
53. Kh2 Ke6 54. g4 hxg4 55. hxg4 f5 56. Ne5 Be8 57. Kh3 g5 58. Nd3 Be7 59. Be3
fxg4+ 60. Kxg4 gxf4 61. Nxf4+ Kd7 62. Nd3 Kc6 63. Kf5 Bd7+ 64. Ke4 Kc7 65. Kd5
Bc6+ 66. Ke6 Bd6 67. Bd2 Bb5 68. Nf2 Bc4+ 69. Kf5 Bb5 70. Ba5+ Kc6 71. Bc3 Ba6
72. Ke4 Bg3 73. Ng4 Bc8 74. Ne3 Be6 75. Nc2 Bf2 76. Nb4+ Kd7 77. Nd3 Ba7 78.
Bb4 Ba2 79. Ne5+ Ke6 80. Nf3 Bd5+ 81. Kf4 Bxf3 82. Kxf3 1/2-1/2

[Event "British Columbia op Online"]
[Site "chess.com"]
[Date "2021.02.20"]
[Round "3.2"]
[White "Wu, Jonathan"]
[Black "He, Matthew"]
[Result "1-0"]
[WhiteElo "1819"]
[BlackElo "1672"]
[PlyCount "123"]
[EventDate "2021.02.20"]
[EventType "swiss (rapid)"]
[EventRounds "6"]
[EventCountry "CAN"]

1. e4 c6 2. Nc3 d5 3. Nf3 Nf6 4. e5 Ne4 5. d4 Nxc3 6. bxc3 e6 7. Bd3 c5 8. O-O
c4 9. Be2 Be7 10. a4 Qa5 11. Ba3 Nc6 12. Qd2 O-O 13. Bxe7 Nxe7 14. Nh4 Ng6 15.
Nxg6 hxg6 16. f4 Bd7 17. Rf3 f5 18. Qe1 Kf7 19. Rg3 Rh8 20. Qb1 b5 21. axb5
Qxb5 22. Qb4 a5 23. Qd6 Qc6 24. Qa3 Rab8 25. Rf3 a4 26. Rff1 Rb7 27. Rfb1 Rhb8
28. Rb4 Qa6 29. Rab1 Qa7 30. Rxb7 Rxb7 31. Ra1 Qb6 32. Kf2 Qb2 33. Qxb2 Rxb2
34. Bd1 g5 35. fxg5 Kg6 36. h4 f4 37. g3 Kf5 38. g4+ Kg6 39. Kf3 Rb8 40. Be2
Rh8 41. Rh1 a3 42. Kxf4 Rf8+ 43. Kg3 Ra8 44. Ra1 a2 45. Kf4 Rf8+ 46. Kg3 Ra8
47. Kf2 Ra3 48. Ke1 Rxc3 49. Rxa2 Rh3 50. Ra7 Bb5 51. h5+ Kxg5 52. Rxg7+ Kf4
53. Rf7+ Ke3 54. Rf3+ Rxf3 55. Bxf3 Be8 56. h6 Bg6 57. Bxd5 Kxd4 58. Bxe6 Kxe5
59. Bf5 Bxf5 60. gxf5 Kd4 61. h7 Kc3 62. Kd1 1-0

[Event "British Columbia op Online"]
[Site "chess.com"]
[Date "2021.02.20"]
[Round "3.3"]
[White "Haines, Duncan"]
[Black "Pangilinan, Emmanuel"]
[Result "1-0"]
[WhiteElo "1724"]
[BlackElo "1509"]
[PlyCount "25"]
[EventDate "2021.02.20"]
[EventType "swiss (rapid)"]
[EventRounds "6"]
[EventCountry "CAN"]

1. d4 d5 2. c4 e6 3. Nc3 f5 4. Bf4 c6 5. Nf3 Bd6 6. e3 Nf6 7. Bd3 O-O 8. O-O
Bc7 9. Rc1 Bxf4 10. exf4 Ne4 11. c5 Nd7 12. b4 a6 13. Na4 1-0

[Event "British Columbia op Online"]
[Site "chess.com"]
[Date "2021.02.20"]
[Round "3.4"]
[White "Jaspal, Harleen Singh"]
[Black "Parpatt, Mark"]
[Result "1-0"]
[WhiteElo "1512"]
[BlackElo "1730"]
[PlyCount "87"]
[EventDate "2021.02.20"]
[EventType "swiss (rapid)"]
[EventRounds "6"]
[EventCountry "CAN"]

1. e4 c5 2. Nf3 d6 3. Bc4 e6 4. O-O a6 5. a4 Nf6 6. d3 Nc6 7. Re1 Qc7 8. Bf4
Nh5 9. Be3 Be7 10. Bb3 b6 11. Nc3 Bb7 12. Ng5 g6 13. Qd2 Qd7 14. Nf3 O-O 15.
Bh6 Rfe8 16. Ne2 b5 17. Ng3 Nxg3 18. hxg3 Bf6 19. c3 Ne5 20. Bc2 Bc6 21. axb5
axb5 22. Nh2 Rxa1 23. Rxa1 Ra8 24. Rxa8+ Bxa8 25. f4 Nc6 26. Ng4 Bh8 27. Bg5
Qa7 28. Nf6+ Bxf6 29. Bxf6 Qa1+ 30. Kh2 Nb8 31. Bd1 Nd7 32. Be7 Qa6 33. f5 exf5
34. exf5 d5 35. Qh6 Qc8 36. f6 Nxf6 37. Bxf6 Qf8 38. Qxf8+ Kxf8 39. g4 Ke8 40.
Kg3 Kd7 41. Kf4 Ke6 42. g5 h6 43. Bg4+ Kd6 44. gxh6 1-0

[Event "British Columbia op Online"]
[Site "chess.com"]
[Date "2021.02.20"]
[Round "3.5"]
[White "Calota, Alina"]
[Black "Gelinas, Justin"]
[Result "0-1"]
[WhiteElo "2054"]
[BlackElo "1419"]
[PlyCount "94"]
[EventDate "2021.02.20"]
[EventType "swiss (rapid)"]
[EventRounds "6"]
[EventCountry "CAN"]

1. Nf3 d5 2. g3 Nc6 3. d4 Nf6 4. Bg2 Bf5 5. O-O e6 6. c3 h6 7. Qa4 Qd7 8. b4
Ne5 9. Qb3 Nxf3+ 10. Bxf3 Bd6 11. Nd2 O-O 12. Re1 e5 13. e4 Bxe4 14. Bxe4 dxe4
15. Nxe4 Nxe4 16. Rxe4 Qf5 17. Re1 exd4 18. cxd4 Rfe8 19. Bb2 c6 20. a4 a6 21.
Rad1 Qh5 22. Qc3 Rad8 23. Rd3 Rxe1+ 24. Qxe1 Qg6 25. Re3 b5 26. axb5 cxb5 27.
Qc3 Bf4 28. Rf3 Bg5 29. Kg2 h5 30. Qc7 h4 31. Qe5 Rc8 32. Qf5 Qxf5 33. Rxf5 Be7
34. Rf3 Bxb4 35. Rf5 hxg3 36. d5 gxh2 37. Kxh2 Bd6+ 38. Kg2 Rc2 39. Ba1 Bc5 40.
Be5 f6 41. Bg3 Kf7 42. Rf3 b4 43. Rd3 Ke7 44. d6+ Kd7 45. Rd1 b3 46. Rd3 b2 47.
Rb3 Bxd6 0-1

[Event "British Columbia op Online"]
[Site "chess.com"]
[Date "2021.02.20"]
[Round "3.6"]
[White "Yang, Henry"]
[Black "Soliven, Joe"]
[Result "1-0"]
[WhiteElo "1444"]
[BlackElo "1849"]
[PlyCount "65"]
[EventDate "2021.02.20"]
[EventType "swiss (rapid)"]
[EventRounds "6"]
[EventCountry "CAN"]

1. d4 Nf6 2. c4 e6 3. Nf3 d5 4. g3 Bd7 5. Bg2 dxc4 6. Ne5 Bc6 7. Bxc6+ Nxc6 8.
Nxc6 bxc6 9. O-O Qd7 10. Qa4 c5 11. Qxd7+ Nxd7 12. Rd1 Rb8 13. dxc5 Bxc5 14.
Nd2 Nb6 15. Ne4 Be7 16. Be3 f5 17. Nc5 Bxc5 18. Bxc5 Nd5 19. Rab1 Kf7 20. Rdc1
c3 21. bxc3 Rxb1 22. Rxb1 Nxc3 23. Rb7 Nd5 24. Rxa7 Rb8 25. a4 Rb2 26. Kf1 Rb1+
27. Kg2 Kf6 28. a5 g5 29. a6 e5 30. Rb7 Ra1 31. a7 Nb6 32. Rxc7 Rxa7 33. Rxa7
1-0